000 00289nam a2200109Ia 4500
008 200302s9999 xx 000 0 und d
100 _aFiona and Isla Hackney
245 _aThe Art of the World 's Greatest Watecolourists
260 _bQuantum Book Ltd.
260 _c1990
300 _a127 P.,
999 _c2075
_d2075